Вып. 31; Разведочная геофизика

Bibliografiske detaljer
Parent link:Разведочная геофизика: [сборник статей]/ Всесоюзный научно-исследовательский институт геофизических методов разведки (ВНИИГеофизика). Вып. 31.— , 1964-1991
Andre forfattere: Широков А. С. (редактор)
Sprog:russisk
Udgivet: 1969
Fag:
Format: MixedMaterials Bog
KOHA link:https://koha.lib.tpu.ru/cgi-bin/koha/opac-detail.pl?biblionumber=278025

MARC

LEADER 00000nam2a2200000 4500
001 278025
005 20231101235055.0
035 |a (RuTPU)RU\TPU\book\301302 
035 |a RU\TPU\book\301301 
090 |a 278025 
100 |a 20141208d1969 k y0rusy50 ca 
101 0 |a rus 
102 |a RU 
105 |a a z 001zy 
200 0 |a Вып. 31  |f под ред. А. С. Широкова 
210 |d 1969 
215 |a 116 с.  |c ил. 
320 |a Библиогр. в конце статей 
461 1 |0 (RuTPU)RU\TPU\book\222739  |t Разведочная геофизика  |o [сборник статей]  |f Всесоюзный научно-исследовательский институт геофизических методов разведки (ВНИИГеофизика)  |v Вып. 31  |d 1964-1991 
606 1 |a Геофизическая разведка  |2 stltpush  |3 (RuTPU)RU\TPU\subj\6259  |9 34187 
610 1 |a волны 
610 1 |a распознавание 
610 1 |a сейсморазведка 
610 1 |a данные 
610 1 |a интерпретация 
610 1 |a пьезоэлектрические преобразователи 
610 1 |a взрывы 
610 1 |a заряд 
610 1 |a гравиметры 
610 1 |a скважины 
610 1 |a геофизические исследования 
610 1 |a Донбасс 
675 |a 550.83  |v 3 
702 1 |a Широков  |b А. С.  |4 340 
801 1 |a RU  |b 63413507  |c 20141208 
801 2 |a RU  |b 63413507  |c 20151215  |g RCR 
942 |c BK